LEADER 03662oam 2200685I 450 001 9910783990903321 005 20230617041557.0 010 $a1-134-43207-0 010 $a0-203-68792-2 010 $a1-134-43208-9 010 $a1-280-05797-1 010 $a0-203-64426-3 024 7 $a10.4324/9780203644263 035 $a(CKB)1000000000253493 035 $a(EBL)199868 035 $a(OCoLC)437059843 035 $a(SSID)ssj0000308791 035 $a(PQKBManifestationID)11239678 035 $a(PQKBTitleCode)TC0000308791 035 $a(PQKBWorkID)10259510 035 $a(PQKB)11645504 035 $a(MiAaPQ)EBC199868 035 $a(Au-PeEL)EBL199868 035 $a(CaPaEBR)ebr10093885 035 $a(CaONFJC)MIL5797 035 $a(OCoLC)56602101 035 $a(EXLCZ)991000000000253493 100 $a20180706d2004 uy 0 101 0 $aeng 135 $aur|n|---||||| 181 $ctxt 182 $cc 183 $acr 200 00$aRussian views of Japan, 1792-1913 $ean anthology of travel writing /$fedited and translated by David N. Wells 210 1$aLondon ;$aNew York :$cRoutledgeCurzon,$d2004. 215 $a1 online resource (226 p.) 225 1 $aRoutledgeCurzon studies in the modern history of Asia ;$v23 300 $aDescription based upon print version of record. 311 $a0-415-54617-6 311 $a0-415-29730-3 320 $aIncludes bibliographical references and index. 327 $aRussian Views of Japan, 1792-1913; Title Page; Copyright Page; Table of Contents; List of illustrations; Note on calendars, names and measures; Preface; Acknowledgements; Introduction: Japan through Russian eyes - history and context; 1 Adam Laxman: Journal of Laxman's embassy to Japan (Ezo, 1792-3); 2 Ivan Krusenstern: Voyage round the world (Nagasaki, 1804-5); 3 Vasilii Golovnin: Narrative of my captivity in Japan (Ezo, 1811); 4 Ivan Goncharov: The frigate Pallada (Nagasaki, 1853); 5 A. Kornilov: News from Japan (Edo, 1859); 6 Sergei Maksimov: In the East (Hakodate, late 1850s) 327 $a7 Ivan Zarubin: Around Asia (Nagasaki, 1880)8 A. Cherevkova: On the Japanese railways (Nagoya, 1890); 9 Andrei Krasnov: Around the islands of the Far East (Nagasaki, 1892); 10 Nikolai Garin-Mikhailovskii: Around Korea, Manchuria and the Liaodong Peninsula (Nagasaki, Yokohama, 1898); 11 Vladimir Semenov: The price of blood (Kyoto, 1905); 12 E. Kobiakova: My first day in Japan (Gifu, 1913); Index 330 $aBefore Japan was 'opened up' in the 1850s, contact with Russia as well as other western maritime nations was extremely limited. Yet from the early eighteenth century onwards, as a result of their expanding commercial interests in East Asia and the North Pacific, Russians had begun to encounter Japanese and were increasingly eager to establish diplomatic and trading relations with Japan. This book presents rare narratives written by Russians, including official envoys, scholars and, later, tourists, who visited Japan between 1792 and 1913. The introduction and notes set these narratives in the 410 0$aRoutledgeCurzon studies in the modern history of Asia ;$v23. 606 $aInternational relations 607 $aJapan$xDescription and travel 607 $aRussia$xRelations$zJapan 607 $aJapan$xRelations$zRussia 615 0$aInternational relations. 676 $a952.025 676 $a952/.025 686 $a15.75$2bcl 701 $aWells$b David N.$f1959-$01567876 801 0$bFlBoTFG 801 1$bFlBoTFG 906 $aBOOK 912 $a9910783990903321 996 $aRussian views of Japan, 1792-1913$93839616 997 $aUNINA LEADER 01296nas 2200457-a 450 001 9910262942703321 005 20230222213018.0 011 $a1744-8735 035 $a(DE-599)ZDB2207661-X 035 $a(OCoLC)61265240 035 $a(CKB)1000000000026240 035 $a(CONSER)--2006249099 035 $a(EXLCZ)991000000000026240 100 $a20050815a20059999 s-- a 101 0 $aeng 135 $aurcnu|||||||| 181 $ctxt$2rdacontent 182 $cc$2rdamedia 183 $acr$2rdacarrier 200 10$aSikh formations 210 $aLondon ;$aNew York $cTaylor & Francis Group$dİ2005- 300 $aRefereed/Peer-reviewed 300 $a"Religion, culture, theory." 300 $aTitle from journal contents page (Taylor & Francis, viewed Aug. 15, 2005). 311 $a1744-8727 531 $aSIKH FORMATIONS 606 $aSikhism$vPeriodicals 606 $aSikhs$vPeriodicals 606 $aSikhism$2fast$3(OCoLC)fst01118413 606 $aSikhs$2fast$3(OCoLC)fst01118436 608 $aPeriodicals.$2fast 610 $aEastern Religions 615 0$aSikhism 615 0$aSikhs 615 7$aSikhism. 615 7$aSikhs. 676 $a294.6 906 $aJOURNAL 912 $a9910262942703321 996 $aSikh formations$92024753 997 $aUNINA LEADER 02955nam 2200613 a 450 001 9910968516003321 005 20251117120011.0 010 $a9780511096792 010 $a0511096798 010 $a9780511158094 010 $a0511158092 024 7 $a2027/heb07566 035 $a(CKB)1000000000003307 035 $a(SSID)ssj0000279861 035 $a(PQKBManifestationID)11912394 035 $a(PQKBTitleCode)TC0000279861 035 $a(PQKBWorkID)10268847 035 $a(PQKB)10938146 035 $a(Au-PeEL)EBL3004546 035 $a(CaPaEBR)ebr10062264 035 $a(OCoLC)70772514 035 $a(MiAaPQ)EBC3004546 035 $a(dli)HEB07566 035 $a(MiU)MIU01000000000000007426968 035 $a(EXLCZ)991000000000003307 100 $a20000802d2001 uy 0 101 0 $aeng 135 $aurcn||||||||| 181 $ctxt 182 $cc 183 $acr 200 10$aGerman opera $efrom the beginnings to Wagner /$fJohn Warrack 205 $a1st ed. 210 $aCambridge ;$aNew York $cCambridge University Press$d2001 215 $axiv, 447 p. $c1 map, music 225 1 $aCambridge studies in opera 300 $aBibliographic Level Mode of Issuance: Monograph 311 08$a9780521235327 311 08$a0521235324 320 $aIncludes bibliographical references (p. 416-426) and index. 327 $aCover -- Half-title -- Series-title -- Title -- Copyright -- Dedication -- CONTENTS -- ACKNOWLEDGEMENTS -- ABBREVIATIONS -- 1 Sixteenth-century beginings -- 2 The Thirty Years War and its aftermath -- 3 The Hamburg enterprise -- 4 Travelling troupes and changing attitudes -- 5 From the Seven Years War to the French Revolution -- 6 The Viennese Singspiel -- 7 Mozart's German operas -- 8 From the French Revolution to the turn of the century -- 9 French opera in Germany after the Revolution -- 10 New critics and singers -- 11 Opera in a new century: the first decade (1) -- 12 Opera in a new century: the first decade (2) -- 13 The groth of Romantic and grand opera -- 14 Romantic opera and grand opera in the 1820s (1) -- 15 Romantic opera and grand opera in the 1820s (2) -- 16 Opera in the mid nineteenth century (1) -- 17 Opera in the mid nineteenth century (2) -- 18 Wagner -- APPENDIX -- BIBLIOGRAPHY -- INDEX. 330 $aGerman opera from its primitive origins up to Wagner is the subject of this wide-ranging history. The many operas studied are placed in their historical, social and theatrical context, and attention is paid to the literary, artistic and philosophical ideas that made them part of the country's intellectual history. 410 0$aCambridge studies in opera. 606 $aOpera$zGermany 615 0$aOpera 676 $a792.1/0943 700 $aWarrack$b John$f1928-$0220719 801 0$bMiAaPQ 801 1$bMiAaPQ 801 2$bMiAaPQ 906 $aBOOK 912 $a9910968516003321 996 $aGerman opera$92022043 997 $aUNINA